000 00312nam a22001337a 4500
008 170724b xxu||||| |||| 00| 0 eng d
020 _a0470200871
041 _aeng
080 _22ND
_a004
100 _a29
101 _aSHK
245 _aINTRODUCTION TO SIMULATION AND SLAM II
_cPRITSKER,A.B
942 _2udc
_cBK
999 _c21816
_d21816